00701nam a2200193 a 450000500170000000800410001702000180005805000180007610000190009424500610011326000460017430000220022052000800024265000130032265000220033565000210035799900190037895201100039720140412111239.0010710s19uu xx 00 eng d a1-55782-011-2 aERbCo83 1988 aGilchrist, Guy aCounting tiny dinos: a book of numbers /cGuy Gilchrist. aNew York :bWarner Juvenile Books,c1988. a1v. (unp.) ; ill. aIn this rhyming story, playful dinosaurs introduce numbers from one to ten. aCounting aDinosaurs-Fiction aStories in rhyme c102635d102635 00104050aELbELcERd2001-07-10eDonationl0oER Co83 1988pE2286r2014-04-12 00:00:00w2014-04-12yBK